[Event "Cheliabinsk Spassky 75 op"]
[Site "Cheliabinsk"]
[Date "2012.02.09"]
[Round "8"]
[White "Preobrazhensky, Anatoly"]
[Black "Matiushinsky, Vladimir"]
[Result "0-1"]
[WhiteElo "1701"]
[BlackElo "1941"]
[PlyCount "46"]
[EventDate "2012.01.29"]
[EventType "swiss"]
[EventRounds "9"]
[EventCountry "RUS"]
[SourceTitle "EXT 2014"]
[Source "ChessBase"]
[SourceDate "2013.11.20"]
[SourceVersion "1"]
[SourceVersionDate "2013.11.20"]
[SourceQuality "1"]

1. e4 d5 2. Qe2 d4 3. d3 e5 4. f4 Nc6 5. a3 Nf6 6. f5 Be7 7. Nd2 0-0 8. Ngf3 b5 9. c4 a6 10. b4 bxc4 11. Nxc4 Nd7 12. Bd2 f6 13. Qf2 Nb6 14. Rc1 Nxc4 15. Rxc4 Na7 16. Be2 Nb5 17. a4 Na3 18. Rc1 Rb8 19. Ra1 Nc2+ 20. Kf1 Nxa1 21. g4 Bxb4 22. Kg2 Bxd2 23. Nxd2 Nc2 0-1

[Event "Cheliabinsk Panchenko Memorial 2nd"]
[Site "Cheliabinsk"]
[Date "2010.10.10"]
[Round "7"]
[White "Gerov, Bogdan"]
[Black "Matiushinsky, Vladimir"]
[Result "1/2-1/2"]
[WhiteElo "1639"]
[BlackElo "1968"]
[PlyCount "117"]
[EventDate "2010.10.04"]
[EventType "swiss"]
[EventRounds "9"]
[EventCountry "RUS"]
[SourceTitle "EXT 2011"]
[Source "ChessBase"]
[SourceDate "2010.11.26"]
[SourceVersion "1"]
[SourceVersionDate "2010.11.26"]
[SourceQuality "1"]

1. e4 e5 2. Nf3 Nc6 3. Bc4 Nf6 4. Nc3 Be7 5. 0-0 0-0 6. d4 exd4 7. Nxd4 Ne5 8. Bd3 c5 9. Nf5 d6 10. f4 Bxf5 11. fxe5 Bg4 12. Be2 Bxe2 13. Qxe2 dxe5 14. Be3 Qb6 15. Na4 Qb4 16. Nc3 Qxb2 17. Nd5 Nxd5 18. exd5 Qb6 19. c4 Qc7 20. Qg4 Qd6 21. Rf3 Rad8 22. Raf1 Qg6 23. Qh3 f5 24. Rxf5 Rxf5 25. Qxf5 Qxf5 26. Rxf5 Bd6 27. g3 b6 28. a4 Rf8 29. g4 Rxf5 30. gxf5 Kf7 31. Bg5 h6 32. Bd8 Ke8 33. Bh4 Kd7 34. Bg3 a6 35. Kf2 b5 36. cxb5 axb5 37. axb5 c4 38. Ke2 Kc7 39. Bf2 Bb4 40. b6+ Kd6 41. h4 Kxd5 42. b7 Bd6 43. Ba7 Ke4 44. b8Q Bxb8 45. Bxb8 Kxf5 46. Kd2 g5 47. h5 g4 48. Kc3 g3 49. Ba7 Kg4 50. Kxc4 Kf3 51. Kd3 e4+ 52. Kd2 Kg4 53. Ke3 Kxh5 54. Kxe4 Kg4 55. Ke3 h5 56. Ke2 h4 57. Kf1 Kf3 58. Kg1 h3 59. Kh1 1/2-1/2

[Event "Cheliabinsk Kibizov Memorial 5th"]
[Site "Cheliabinsk"]
[Date "2010.06.29"]
[Round "6"]
[White "Matiushinsky, Vladimir"]
[Black "Kanakin, Konstantin"]
[Result "1-0"]
[WhiteElo "2005"]
[BlackElo "1918"]
[PlyCount "57"]
[EventDate "2010.06.24"]
[EventType "swiss"]
[EventRounds "9"]
[EventCountry "RUS"]
[SourceTitle "EXT 2012"]
[Source "ChessBase"]
[SourceDate "2011.11.24"]
[SourceVersion "1"]
[SourceVersionDate "2011.11.24"]
[SourceQuality "1"]

1. d4 d5 2. c4 c6 3. Nc3 Nf6 4. Nf3 e6 5. Bg5 Nbd7 6. e4 dxe4 7. Nxe4 Be7 8. Bd3 Nxe4 9. Bxe7 Nxf2 10. Bxd8 Nxd1 11. Bg5 Nxb2 12. Be2 Na4 13. 0-0 0-0 14. Be7 Re8 15. Bd6 Nf6 16. Ne5 Nb6 17. a4 Nbd7 18. Bd3 Nxe5 19. dxe5 Nd7 20. a5 f5 21. c5 Kf7 22. g4 g6 23. Bc4 Rg8 24. Kh1 Kg7 25. Bxe6 Re8 26. gxf5 gxf5 27. Rg1+ Kh8 28. Bf7 Rd8 29. Be7 1-0

[Event "Cheliabinsk We Remember"]
[Site "Cheliabinsk"]
[Date "2009.06.21"]
[Round "?"]
[White "Kaliamin, Andrey A"]
[Black "Matiushinsky, Vladimir"]
[Result "0-1"]
[WhiteElo "1663"]
[BlackElo "2029"]
[PlyCount "62"]
[EventDate "2009.06.21"]
[EventType "tourn"]
[EventRounds "11"]
[EventCountry "RUS"]
[SourceTitle "EXT 2022"]
[Source "ChessBase"]
[SourceDate "2021.10.06"]
[SourceVersion "1"]
[SourceVersionDate "2021.10.06"]
[SourceQuality "1"]

1. e4 e5 2. Nf3 Nf6 3. Nc3 Nc6 4. Bb5 d6 5. d3 Be7 6. 0-0 0-0 7. Bg5 Bg4 8. Bxc6 bxc6 9. h3 Bh5 10. Re1 Rb8 11. Rb1 c5 12. Bxf6 Bxf6 13. Nd5 Bg5 14. g4 Bg6 15. Nxg5 Qxg5 16. Nxc7 h5 17. Nd5 f5 18. f3 fxg4 19. fxg4 Qh4 20. Re2 Qxh3 21. Ne7+ Kh7 22. Nxg6 Kxg6 23. gxh5+ Kh7 24. Qd2 Rf4 25. Rg2 Rbf8 26. Re1 Kg8 27. Qe2 Qh4 28. Rh2 Rg4+ 29. Rg2 Rff4 30. Rd1 Qh3 31. Rd2 Rxg2+ 0-1

[Event "Cheliabinsk We Remember"]
[Site "Cheliabinsk"]
[Date "2009.06.21"]
[Round "?"]
[White "Matiushinsky, Vladimir"]
[Black "Kondrashova, Nina"]
[Result "1-0"]
[WhiteElo "2029"]
[BlackElo "1544"]
[PlyCount "85"]
[EventDate "2009.06.21"]
[EventType "tourn"]
[EventRounds "11"]
[EventCountry "RUS"]
[SourceTitle "EXT 2022"]
[Source "ChessBase"]
[SourceDate "2021.10.06"]
[SourceVersion "1"]
[SourceVersionDate "2021.10.06"]
[SourceQuality "1"]

1. e4 c6 2. d4 d5 3. e5 e6 4. Nf3 h6 5. c3 Ne7 6. Bd3 Qb6 7. a4 a5 8. 0-0 Nd7 9. Na3 Qc7 10. Nh4 g5 11. Nf3 b6 12. b4 Bb7 13. h3 Bg7 14. Re1 Nf8 15. Nh2 Nfg6 16. g3 0-0 17. Qg4 Bc8 18. f4 gxf4 19. gxf4 Nf5 20. Nf3 Qe7 21. Bxf5 exf5 22. Qg3 Be6 23. Nc2 Rfc8 24. Kh2 Kh7 25. h4 Rg8 26. h5 Nh8 27. Qh3 Bf8 28. bxa5 Rg4 29. axb6 Bg7 30. a5 Qb7 31. Bd2 Rg8 32. Rg1 Qa6 33. Qf1 Qb7 34. Kh3 Bf8 35. Qd3 Kg7 36. Nh2 Rxg1 37. Rxg1+ Kh7 38. Ng4 Be7 39. Nf6+ Bxf6 40. Rxg8 Kxg8 41. exf6 Kh7 42. Nb4 Qc8 43. Qg3 1-0

[Event "Cheliabinsk Region-ch op"]
[Site "Cheliabinsk"]
[Date "2008.08.12"]
[Round "3"]
[White "Matiushinsky, Vladimir"]
[Black "Gorbushin, Maksim"]
[Result "0-1"]
[WhiteElo "2053"]
[BlackElo "2048"]
[PlyCount "136"]
[EventDate "2008.08.03"]
[EventType "swiss"]
[EventRounds "9"]
[EventCountry "RUS"]
[SourceTitle "EXT 2022"]
[Source "ChessBase"]
[SourceDate "2021.10.06"]
[SourceVersion "1"]
[SourceVersionDate "2021.10.06"]
[SourceQuality "1"]

1. f4 d5 2. Nf3 c6 3. e3 Nf6 4. c4 g6 5. b3 Bg7 6. Bb2 0-0 7. cxd5 cxd5 8. Nc3 Nc6 9. Be2 d4 10. exd4 Nxd4 11. Nxd4 Qxd4 12. Bf3 Rd8 13. Na4 Qxf4 14. 0-0 Rxd2 15. Qe1 Qd6 16. Be5 Qd8 17. Rc1 Ne8 18. Bf4 Rd4 19. Be3 Rd3 20. Bg5 Be6 21. Bxb7 Rb8 22. Be4 Rd4 23. Bf3 h6 24. Be3 Rd3 25. Bxa7 Bd4+ 26. Bxd4 Qxd4+ 27. Qf2 Qb4 28. Rcd1 Bf5 29. Be2 Rxd1 30. Bxd1 Nd6 31. Qe3 Ne4 32. g4 Be6 33. Rf4 Qd6 34. Be2 Ng5 35. h4 Nh3+ 36. Qxh3 Qxf4 37. Qf3 Qd4+ 38. Qf2 Qa1+ 39. Kg2 Qxa2 40. Nc5 Bxb3 41. Kg3 Bd5 42. Qe3 Rb2 43. Bd3 Rg2+ 44. Kf4 Qf2+ 45. Qxf2 Rxf2+ 46. Ke5 Bf3 47. g5 h5 48. Kf4 Bg4+ 49. Kg3 Rf3+ 50. Kg2 Rh3 51. Be2 Rxh4 52. Bf1 Bf5 53. Kg3 Rg4+ 54. Kf3 Rxg5 55. Nb3 Bg4+ 56. Ke3 Kg7 57. Nd2 h4 58. Bg2 Bf5 59. Bc6 h3 60. Nf3 Rh5 61. Nh2 g5 62. Kf2 Kf6 63. Kg3 e5 64. Bf3 Rh8 65. Nf1 e4 66. Be2 Ke5 67. Nh2 Be6 68. Ng4+ Bxg4 0-1